<?xml version="1.0" encoding="UTF-8"?>
<record
    xmlns:xsi="http://www.w3.org/2001/XMLSchema-instance"
    xsi:schemaLocation="http://www.loc.gov/MARC21/slim http://www.loc.gov/standards/marcxml/schema/MARC21slim.xsd"
    xmlns="http://www.loc.gov/MARC21/slim">

  <leader>01531nam a22002537a 4500</leader>
  <controlfield tag="001">6127</controlfield>
  <controlfield tag="003">FISKH</controlfield>
  <controlfield tag="005">20250317135725.0</controlfield>
  <controlfield tag="008">250317b        cb ||||| |||| 00| 0 eng d</controlfield>
  <datafield tag="040" ind1=" " ind2=" ">
    <subfield code="a">FISKH</subfield>
    <subfield code="b">Khmer </subfield>
    <subfield code="c">FISKH</subfield>
    <subfield code="d">FISKH</subfield>
  </datafield>
  <datafield tag="050" ind1=" " ind2=" ">
    <subfield code="a">PZ7</subfield>
  </datafield>
  <datafield tag="082" ind1=" " ind2=" ">
    <subfield code="a">390</subfield>
  </datafield>
  <datafield tag="100" ind1=" " ind2=" ">
    <subfield code="a">Chanmol, Pun </subfield>
  </datafield>
  <datafield tag="245" ind1=" " ind2=" ">
    <subfield code="a">&#x1785;&#x179A;&#x17B7;&#x178F;&#x1781;&#x17D2;&#x1798;&#x17C2;&#x179A;&#x200B; :</subfield>
    <subfield code="b">&#x1780;&#x17BE;&#x178F; &#x179A;&#x179F;&#x17CB;&#x200B; &#x179F;&#x17D2;&#x179B;&#x17B6;&#x1794;&#x17CB; &#x178A;&#x17BE;&#x1798;&#x17D2;&#x1794;&#x17B8;&#x1781;&#x17D2;&#x1798;&#x17C2;&#x179A; /</subfield>
    <subfield code="c">&#x1794;&#x17CA;&#x17BB;&#x178E;&#x17D2;&#x178E; &#x1785;&#x1793;&#x17D2;&#x1791;&#x1798;&#x17C9;&#x17BB;&#x179B;</subfield>
  </datafield>
  <datafield tag="250" ind1=" " ind2=" ">
    <subfield code="a">&#x1794;&#x17C4;&#x17C7;&#x1796;&#x17BB;&#x1798;&#x17D2;&#x1796;&#x179B;&#x17BE;&#x1780;&#x1791;&#x17B8; &#x17E1;</subfield>
  </datafield>
  <datafield tag="260" ind1=" " ind2=" ">
    <subfield code="a">Phnom Penh :</subfield>
    <subfield code="b">Hem Cheav Street ;</subfield>
    <subfield code="c">1973.</subfield>
  </datafield>
  <datafield tag="300" ind1=" " ind2=" ">
    <subfield code="a">149 pages : </subfield>
    <subfield code="b">illustrations ; </subfield>
    <subfield code="c">20 cm . </subfield>
  </datafield>
  <datafield tag="520" ind1=" " ind2=" ">
    <subfield code="a">&#x1785;&#x179A;&#x17B7;&#x178F;&#x1781;&#x17D2;&#x1798;&#x17C2;&#x179A;&#x179F;&#x17D2;&#x178F;&#x17B6;&#x1794;&#x17CB;&#x1791;&#x17C5;&#x178A;&#x17BC;&#x1785;&#x1787;&#x17B6;&#x200B;&#x17A2;&#x17D2;&#x1793;&#x1780;&#x1793;&#x17B7;&#x1796;&#x1793;&#x17D2;&#x1792;&#x1798;&#x17B6;&#x1793;&#x1782;&#x17C6;&#x1793;&#x17B7;&#x178F;&#x1785;&#x1784;&#x17CB;&#x179A;&#x17B7;&#x17C7;&#x1782;&#x1793;&#x17CB;&#x1794;&#x1793;&#x17D2;&#x178F;&#x17BB;&#x17C7;&#x1794;&#x1784;&#x17D2;&#x17A2;&#x17B6;&#x1794;&#x17CB;&#x1781;&#x17D2;&#x1798;&#x17C2;&#x179A;&#x178F;&#x17C2;&#x178F;&#x17B6;&#x1798;&#x1796;&#x17B7;&#x178F;&#x1782;&#x17B8;&#x1793;&#x17B7;&#x1799;&#x17B6;&#x1799;&#x1785;&#x1784;&#x17CB;&#x17A2;&#x17C4;&#x1799;&#x1783;&#x17BE;&#x1789;&#x1793;&#x17BC;&#x179C;&#x1791;&#x17B7;&#x178A;&#x17D2;&#x1792;&#x17B7;&#x1798;&#x17B6;&#x1793;&#x17C7;  &#x179A;&#x17BE;&#x179F;&#x17A2;&#x17BE;&#x1784;&#x179A;&#x1794;&#x179F;&#x17CB;&#x1781;&#x17D2;&#x1798;&#x17C2;&#x179A;&#x1798;&#x17BD;&#x1799;&#x1795;&#x17D2;&#x1793;&#x17C2;&#x1780; &#x178A;&#x17C2;&#x179B;&#x1794;&#x178E;&#x17D2;&#x178F;&#x17B6;&#x179B;&#x17A2;&#x17C4;&#x1799;&#x1780;&#x17BE;&#x178F;&#x1795;&#x179B;&#x17A2;&#x17B6;&#x1780;&#x17D2;&#x179A;&#x1780;&#x17CB;&#x178A;&#x179B;&#x17CB;&#x179F;&#x1784;&#x17D2;&#x1782;&#x1798;&#x200B;&#x1793;&#x17B7;&#x1784;&#x1794;&#x1780;&#x17D2;&#x179F; &#x17D4;</subfield>
  </datafield>
  <datafield tag="520" ind1=" " ind2=" ">
    <subfield code="a">Khmer character sounds like the author wants to criticize and humiliate Khmer people, but in reality, he wants to show the prejudice and discrimination of some Khmer people, which causes bad consequences for society and the party.</subfield>
  </datafield>
  <datafield tag="650" ind1=" " ind2=" ">
    <subfield code="a">&#x1785;&#x179A;&#x17B7;&#x178F;&#x1781;&#x17D2;&#x1798;&#x17C2;&#x179A;</subfield>
  </datafield>
  <datafield tag="650" ind1=" " ind2=" ">
    <subfield code="a">Khmer character</subfield>
  </datafield>
  <datafield tag="942" ind1=" " ind2=" ">
    <subfield code="2">ddc</subfield>
    <subfield code="c">BK</subfield>
    <subfield code="n">0</subfield>
  </datafield>
  <datafield tag="999" ind1=" " ind2=" ">
    <subfield code="c">6127</subfield>
    <subfield code="d">6127</subfield>
  </datafield>
  <datafield tag="952" ind1=" " ind2=" ">
    <subfield code="0">0</subfield>
    <subfield code="1">0</subfield>
    <subfield code="2">ddc</subfield>
    <subfield code="4">0</subfield>
    <subfield code="7">0</subfield>
    <subfield code="8">KH</subfield>
    <subfield code="a">002</subfield>
    <subfield code="b">002</subfield>
    <subfield code="c">SKB</subfield>
    <subfield code="d">2025-03-17</subfield>
    <subfield code="l">0</subfield>
    <subfield code="o">CHA PZ7 390</subfield>
    <subfield code="p">FIS03919</subfield>
    <subfield code="r">2025-03-17 13:57:21</subfield>
    <subfield code="w">2025-03-17</subfield>
    <subfield code="y">BK</subfield>
  </datafield>
</record>
